Famous Joes - Statistics

General Stats
  • This quiz has been taken 48 times
  • The average score is 10 of 25
Answer Stats
Hint Answer % Correct
Democrat US President whose administration was sandwiched between the presidencies of Donald Trump Joe Biden
96%
Paramount leader of the Soviet Union from 1924 to 1953 Joseph Stalin
96%
This baseball player, sometimes known as the "Yankee Clipper", married Marilyn Monroe Joe DiMaggio
58%
MMA commentator and comedian whose podcast is one of the most popular in the world Joe Rogan
56%
Adolf Hitler's propaganda minister Joseph Goebbels
56%
Founder of the Church of Jesus Christ of Latter Day Saints Joseph Smith
56%
Boxer who faced off against Muhammad Ali in the Thriller in Manila Joe Frazier
54%
Actor who won the Academy Award for Best Supporting Actor in 1990 for his portrayal of Tommy DeVito in Goodfellas Joe Pesci
54%
Communist leader of Yugoslavia from 1943 to 1980 Josip Broz Tito
54%
American singer who, along with his brothers Nick and Kevin, found fame on the Disney Channel Joe Jonas
46%
Radical anti-communist US Senator who presided over a series of 'witch trial' hearings in the 1950s Joseph McCarthy
44%
Champion American boxer nicknamed "The Brown Bomber" Joe Louis
40%
Punk singer whose eponymous band's hits include "I Wanna Be Sedated" and "Blitzkrieg Bop" Joey Ramone
38%
Anglo-Polish author of 'Heart of Darkness' Joseph Conrad
38%
Absurdist author of 'Catch-22' Joseph Heller
35%
Portuguese football coach who has managed Chelsea (twice), Manchester United, Tottenham Hotspur, Real Madrid and Inter Milan José Mourinho
33%
Austrian classical composer sometimes known as "The Father of the String Quartet" Joseph Haydn
29%
Democrat Senator who was Al Gore's running mate in the 2000 election Joe Lieberman
27%
British surgeon known for his pioneering work in antiseptics Joseph Lister
23%
Captain of the England cricket team from 2017 to 2022 Joe Root
21%
Actor who starred as Arthur in Inception Joseph Gordon-Levitt
17%
Physically deformed Victorian English artist who was exhibited in a freak show as 'The Elephant Man' Joseph Merrick
17%
English comedian whose stunts included him changing his name to Hugo Boss and allegedly shredding £10,000 Joe Lycett
10%
English chemist widely credited with the first independent discovery of oxygen Joseph Priestly
6%
Cuban nationalist poet, after whom Havana's airport is named José Martí
4%
No matching quizzes found
Score Distribution
Percent of People with Each Score
Percentile by Number Answered
Your Score History
You have not taken this quiz